000 00659nam a2200205Ia 4500
001 12764
003 GE_BSU
008 181216s||||||||xx |||||||||||||| ||und||
040 _cGE_BSU
080 _a632(075.32)
100 _aУспенская,Г.Д. Дьяконов,Ю.Т. Семенкова,И.Г.
245 _aОбщая фитопатология с основами иммунитета
260 _aМосква
260 _bКолос
260 _c1967
300 _a340стр.илл.20см.
300 _cБиблиогр.с.235-236
653 _aОбщая фитопатология с основами иммунитета
942 _cBK
999 _c45935
_d45935